| 000 | 00354nam a22001457a 4500 | ||
|---|---|---|---|
| 003 | SGT | ||
| 020 | _a978-93-83290-13-0 | ||
| 100 | _aKHURANA, S.P | ||
| 245 | _aA TEXT BOOK OF HEALTH EDUCATION & COMMUNITY PHARMACY | ||
| 250 | _a1st | ||
| 260 |
_aS. VIKASH _bPUNJAB _c2018 |
||
| 650 | _a EDUCATION, COMMUNITY | ||
| 653 | _a COMMUNITY | ||
| 942 |
_2ddc _cBK |
||
| 999 |
_c24675 _d24675 |
||